[Event "3MCR_4D_1L_4S"]
[Site "?"]
[Date "1999.??.??"]
[Round "4"]
[White "Sykora, Josef"]
[Black "Hladik, Josef"]
[Result "1/2-1/2"]
[WhiteElo "2335"]
[BlackElo "2160"]
[PlyCount "54"]
[EventDate "1999.??.??"]
[EventType "corr"]

1. d4 d5 2. c4 c6 3. Nc3 Nf6 4. Nf3 e6 5. e3 Nbd7 6. Qc2 Bd6 7. Be2 O-O 8. O-O
dxc4 9. Bxc4 e5 10. h3 exd4 11. exd4 Nb6 12. Bb3 Re8 13. Bg5 Be6 14. Bxe6 Rxe6
15. Ne4 Be7 16. Nc5 Bxc5 17. dxc5 Nbd7 18. Rfe1 Rxe1+ 19. Rxe1 h6 20. Bxf6 Nxf6
21. a3 Nd5 22. Qb3 b5 23. cxb6 axb6 24. Qc4 Qf6 25. Nd4 Rc8 26. Re4 Nf4 27. Nc2
Ne6 1/2-1/2

[Event "3MCR_4D_1L_4S"]
[Site "?"]
[Date "1999.??.??"]
[Round "4"]
[White "Gdovin, Jan"]
[Black "Pletanek, Danous"]
[Result "0-1"]
[WhiteElo "2130"]
[BlackElo "2260"]
[PlyCount "50"]
[EventDate "1999.??.??"]
[EventType "corr"]

1. e4 c5 2. Nf3 d6 3. d4 cxd4 4. Nxd4 Nf6 5. Nc3 a6 6. Bc4 e6 7. Bb3 b5 8. O-O
Be7 9. Qf3 Qc7 10. Qg3 O-O 11. Bh6 Ne8 12. Rad1 Bd7 13. f4 Nc6 14. Nxc6 Bxc6
15. f5 Kh8 16. Be3 b4 17. Na4 Nf6 18. fxe6 Nxe4 19. Qh3 fxe6 20. Qxe6 Rf6 21.
Rxf6 Bxf6 22. Qc4 Qb7 23. Nb6 Re8 24. Qxb4 Bxb2 25. Bd5 Nf6 0-1

[Event "3MCR_4D_1L_4S"]
[Site "?"]
[Date "1999.??.??"]
[Round "4"]
[White "Kamler, Zdenek"]
[Black "Novotny, Josef"]
[Result "0-1"]
[WhiteElo "2050"]
[BlackElo "2135"]
[PlyCount "52"]
[EventDate "1999.??.??"]
[EventType "corr"]

1. e4 c5 2. Nf3 e6 3. d4 cxd4 4. Nxd4 a6 5. Nc3 b5 6. Bd3 Qb6 7. Nb3 Qc7 8. Be3
Bb7 9. Qe2 d6 10. O-O Nf6 11. f4 Nbd7 12. a3 Be7 13. g4 Nc5 14. Bf2 h5 15. g5
Ng4 16. Bd4 e5 17. Bxc5 dxc5 18. h3 c4 19. hxg4 cxb3 20. Kg2 exf4 21. Nd5 Qe5
22. g6 fxg6 23. Bxb5+ Kd8 24. Bd3 Bd6 25. Qf3 Bxd5 26. exd5 hxg4 0-1

[Event "3MCR_4D_1L_4S"]
[Site "?"]
[Date "1999.??.??"]
[Round "4"]
[White "Pletanek, Danous"]
[Black "Novotny, Josef"]
[Result "1-0"]
[WhiteElo "2260"]
[BlackElo "2135"]
[PlyCount "57"]
[EventDate "1999.??.??"]
[EventType "corr"]

1. e4 c5 2. Nf3 e6 3. d4 cxd4 4. Nxd4 a6 5. Nc3 b5 6. Bd3 Qb6 7. Nb3 Qc7 8. a3
Nf6 9. O-O Be7 10. Qe2 d6 11. Bd2 Nbd7 12. a4 b4 13. Na2 a5 14. c3 Nc5 15. Nxc5
dxc5 16. b3 Bb7 17. Rac1 bxc3 18. Nxc3 O-O 19. Nb5 Qc6 20. f3 Rfd8 21. Rfd1 Qb6
22. Bc4 Nd7 23. Bf4 e5 24. Bg3 Qh6 25. Qe1 Nb6 26. Bxe5 Nxc4 27. bxc4 Bg5 28.
Rb1 Be3+ 29. Kh1 1-0

[Event "3MCR_4D_1L_4S"]
[Site "?"]
[Date "1999.??.??"]
[Round "4"]
[White "Sykora, Josef"]
[Black "Blatsky, Libor"]
[Result "0-1"]
[WhiteElo "2335"]
[BlackElo "2165"]
[PlyCount "62"]
[EventDate "1999.??.??"]
[EventType "corr"]

1. d4 d5 2. c4 e6 3. Nf3 Nf6 4. Nc3 c6 5. e3 Nbd7 6. Qc2 Bd6 7. Be2 O-O 8. O-O
Re8 9. Rd1 Qe7 10. h3 h6 11. a3 dxc4 12. Bxc4 e5 13. Nh4 Nf8 14. dxe5 Qxe5 15.
Nf3 Qe7 16. Bd2 Bd7 17. Bd3 Rad8 18. b4 Ne6 19. Na4 Nd5 20. Kh1 Ng5 21. Nxg5
hxg5 22. Nc5 Qe5 23. f4 gxf4 24. exf4 Nxf4 25. Bh7+ Kh8 26. Nxb7 Nxh3 27. Nxd6
Qxd6 28. Be3 Qg3 29. Bxa7 Nf4 30. Rd2 Re5 31. Be4 Rde8 0-1

[Event "3MCR_4D_1L_4S"]
[Site "?"]
[Date "1999.??.??"]
[Round "4"]
[White "Kamler, Zdenek"]
[Black "Skula, Eugen"]
[Result "0-1"]
[WhiteElo "2050"]
[BlackElo "2210"]
[PlyCount "38"]
[EventDate "1999.??.??"]
[EventType "corr"]

1. e4 c5 2. f4 d5 3. exd5 Nf6 4. Nc3 Nxd5 5. Nf3 Nc6 6. Bb5 e6 7. O-O Nxc3 8.
dxc3 Bd7 9. f5 exf5 10. Qd5 Be7 11. Rd1 a6 12. Ba4 b5 13. Ng5 Bxg5 14. Bxg5 Qc8
15. Bb3 c4 16. a4 Be6 17. Qd6 cxb3 18. axb5 bxc2 19. Rd3 f6 0-1

[Event "3MCR_4D_1L_4S"]
[Site "?"]
[Date "1999.??.??"]
[Round "4"]
[White "Hladik, Josef"]
[Black "Liska, Milan"]
[Result "1-0"]
[WhiteElo "2160"]
[BlackElo "2165"]
[PlyCount "47"]
[EventDate "1999.??.??"]
[EventType "corr"]

1. e4 c5 2. Nf3 d6 3. d4 cxd4 4. Nxd4 Nf6 5. Nc3 a6 6. g3 e5 7. Nde2 Nbd7 8. a4
Be7 9. Bg2 O-O 10. h3 b6 11. g4 Bb7 12. Ng3 Nc5 13. g5 Ne8 14. h4 f5 15. Nd5
fxe4 16. Nxe4 Kh8 17. Nec3 Nc7 18. Qh5 g6 19. Qg4 Nxd5 20. Nxd5 Qd7 21. Qxd7
Nxd7 22. h5 gxh5 23. Rxh5 Kg8 24. Nxe7+ 1-0

[Event "3MCR_4D_1L_4S"]
[Site "?"]
[Date "1999.??.??"]
[Round "4"]
[White "Blatsky, Libor"]
[Black "Kosek, Lubomir"]
[Result "1-0"]
[WhiteElo "2165"]
[BlackElo "2045"]
[PlyCount "67"]
[EventDate "1999.??.??"]
[EventType "corr"]

1. d4 Nf6 2. c4 g6 3. Nc3 Bg7 4. e4 d6 5. f3 O-O 6. Be3 e5 7. d5 Nh5 8. Qd2 f5
9. O-O-O a6 10. Bd3 c5 11. dxc6 Nxc6 12. Nd5 Be6 13. Bb6 Qd7 14. Ne2 Rac8 15.
Kb1 Qf7 16. Rhe1 Kh8 17. Ng3 Nxg3 18. hxg3 Nb8 19. exf5 gxf5 20. g4 Nd7 21. Ba5
Bxd5 22. cxd5 fxg4 23. fxg4 Qe7 24. Bf5 Rf7 25. Rh1 Bf8 26. Rdf1 b6 27. Bc3 Rc7
28. g5 Qe8 29. g6 Rg7 30. Qg5 Qe7 31. Bd2 Nf6 32. Qh4 Ng8 33. Bg5 Qe8 34. Bf6
1-0

[Event "3MCR_4D_1L_4S"]
[Site "?"]
[Date "1999.??.??"]
[Round "4"]
[White "Jerabek, Zdenek"]
[Black "Sykora, Josef"]
[Result "1/2-1/2"]
[WhiteElo "2235"]
[BlackElo "2335"]
[PlyCount "66"]
[EventDate "1999.??.??"]
[EventType "corr"]

1. e4 c6 2. d4 d5 3. exd5 cxd5 4. c4 Nf6 5. Nc3 e6 6. Bg5 Be7 7. Nf3 O-O 8. Bd3
Nc6 9. O-O Nb4 10. cxd5 Nfxd5 11. Nxd5 Nxd5 12. Bxe7 Qxe7 13. Rc1 Bd7 14. Ne5
f6 15. Nxd7 Qxd7 16. Qf3 Rac8 17. Qe4 g6 18. g3 a6 19. Bc2 Rc6 20. Ba4 b5 21.
Bb3 Rfc8 22. Rxc6 Rxc6 23. Re1 Nc7 24. Re2 a5 25. a3 Kg7 26. Rc2 Rxc2 27. Qxc2
Qd6 28. Kf1 Kf7 29. Ke2 Ke7 30. Qd2 b4 31. axb4 Nb5 32. Ke3 axb4 33. Qd3 Nc7
1/2-1/2

[Event "3MCR_4D_1L_4S"]
[Site "?"]
[Date "1999.??.??"]
[Round "4"]
[White "Kohout, Vratislav"]
[Black "Krouzel, Jaroslav"]
[Result "0-1"]
[WhiteElo "2110"]
[BlackElo "2405"]
[PlyCount "54"]
[EventDate "1999.??.??"]
[EventType "corr"]

1. e4 e6 2. d4 d5 3. Nd2 Nc6 4. Ngf3 Nf6 5. e5 Nd7 6. Be2 f6 7. exf6 Qxf6 8.
Nf1 Bd6 9. Ne3 O-O 10. O-O Qg6 11. g3 Nf6 12. Nh4 Qe8 13. f4 Ne7 14. Bd3 c5 15.
c3 Bd7 16. Qe2 cxd4 17. cxd4 a6 18. Nd1 Nc6 19. Nf3 Nb4 20. Re1 Nxd3 21. Qxd3
Qh5 22. Nf2 Ne4 23. Nxe4 dxe4 24. Rxe4 Bc6 25. Bd2 Qg6 26. Rae1 Rae8 27. R4e3
Bxf4 0-1

[Event "3MCR_4D_1L_4S"]
[Site "?"]
[Date "1999.??.??"]
[Round "4"]
[White "Blatsky, Libor"]
[Black "Skula, Eugen"]
[Result "1-0"]
[WhiteElo "2165"]
[BlackElo "2210"]
[PlyCount "53"]
[EventDate "1999.??.??"]
[EventType "corr"]

1. d4 f5 2. c4 Nf6 3. g3 e6 4. Bg2 Be7 5. Nf3 O-O 6. O-O Ne4 7. Qc2 Bf6 8. Nc3
Nxc3 9. bxc3 d6 10. e4 Nc6 11. exf5 exf5 12. Re1 Na5 13. c5 dxc5 14. Ba3 Re8
15. Qa4 Rxe1+ 16. Rxe1 c6 17. Bxc5 b5 18. Qc2 Bd7 19. Ne5 Qc8 20. a4 Bxe5 21.
axb5 a6 22. b6 Bf6 23. Qa2+ Kh8 24. Qxa5 Qb7 25. Bd6 Rg8 26. Bc7 h6 27. Qc5 1-0

[Event "3MCR_4D_1L_4S"]
[Site "?"]
[Date "1999.??.??"]
[Round "4"]
[White "Blatsky, Libor"]
[Black "Krouzel, Jaroslav"]
[Result "1-0"]
[WhiteElo "2165"]
[BlackElo "2405"]
[PlyCount "63"]
[EventDate "1999.??.??"]
[EventType "corr"]

1. d4 f5 2. c4 Nf6 3. g3 g6 4. Bg2 Bg7 5. Nf3 O-O 6. O-O d6 7. Nc3 Nc6 8. d5
Ne5 9. Nxe5 dxe5 10. Qb3 Kh8 11. Rd1 h6 12. c5 g5 13. Bd2 a6 14. Na4 e4 15. Ba5
Bd7 16. c6 b6 17. cxd7 bxa5 18. Nc5 Rg8 19. Qa3 Rb8 20. b3 e3 21. fxe3 Ng4 22.
Rac1 Nxe3 23. Rd3 f4 24. Qa4 Rb4 25. Qc6 Nxg2 26. Kxg2 Qf8 27. Ne6 Qf5 28. d8=Q
Rxd8 29. Nxd8 Qe4+ 30. Kf2 Bd4+ 31. Rxd4 Qxd4+ 32. Kf1 1-0

[Event "3MCR_4D_1L_4S"]
[Site "?"]
[Date "1999.??.??"]
[Round "4"]
[White "Pletanek, Danous"]
[Black "Sykora, Josef"]
[Result "1/2-1/2"]
[WhiteElo "2260"]
[BlackElo "2335"]
[PlyCount "62"]
[EventDate "1999.??.??"]
[EventType "corr"]

1. e4 c6 2. d4 d5 3. Nd2 dxe4 4. Nxe4 Nd7 5. Ng5 Ngf6 6. Bd3 e6 7. N1f3 Bd6 8.
Qe2 h6 9. Ne4 Nxe4 10. Qxe4 c5 11. O-O Nf6 12. Qh4 Qc7 13. dxc5 Qxc5 14. Be3
Qh5 15. Qxh5 Nxh5 16. Rad1 Ke7 17. c4 Nf6 18. Bd4 b6 19. Bxf6+ gxf6 20. Be4 Rb8
21. Nd4 Bb7 22. Bxb7 Rxb7 23. Rfe1 Bc5 24. Nc6+ Kf8 25. Nd8 Re7 26. Re2 a5 27.
Red2 Rg8 28. h3 Rg5 29. Nc6 Rc7 30. Nb8 Kg7 31. Na6 Ra7 1/2-1/2

[Event "3MCR_4D_1L_4S"]
[Site "?"]
[Date "1999.??.??"]
[Round "4"]
[White "Novotny, Josef"]
[Black "Skula, Eugen"]
[Result "1/2-1/2"]
[WhiteElo "2135"]
[BlackElo "2210"]
[PlyCount "67"]
[EventDate "1999.??.??"]
[EventType "corr"]

1. d4 Nf6 2. c4 e6 3. Nc3 Bb4 4. e3 c5 5. Bd3 O-O 6. Nf3 d5 7. O-O dxc4 8. Bxc4
Nc6 9. Bd3 cxd4 10. exd4 b6 11. a3 Be7 12. Re1 Bb7 13. Bc2 Qc7 14. Bg5 Rfd8 15.
Qd3 g6 16. Rad1 Rac8 17. Qe2 Nd5 18. Nxd5 Rxd5 19. Bxe7 Nxe7 20. Be4 Rdd8 21.
Bxb7 Qxb7 22. b3 Rc3 23. Rd3 Rdc8 24. Rxc3 Rxc3 25. Qb5 Nd5 26. h3 a6 27. Qa4
b5 28. Qa5 Rxb3 29. Rc1 Qe7 30. Qxa6 Qxa3 31. Qc6 Kg7 32. Ne5 Qb2 33. Nxf7 Kxf7
34. Qd7+ 1/2-1/2

[Event "3MCR_4D_1L_4S"]
[Site "?"]
[Date "1999.??.??"]
[Round "4"]
[White "Novotny, Josef"]
[Black "Kunovjanek, Milan"]
[Result "1-0"]
[WhiteElo "2135"]
[BlackElo "2025"]
[PlyCount "73"]
[EventDate "1999.??.??"]
[EventType "corr"]

1. d4 Nf6 2. c4 g6 3. Nc3 d5 4. cxd5 Nxd5 5. e4 Nxc3 6. bxc3 Bg7 7. Nf3 c5 8.
Rb1 O-O 9. Be2 cxd4 10. cxd4 Qa5+ 11. Bd2 Qxa2 12. O-O b6 13. Qc1 Bb7 14. Bc4
Qa4 15. Bb5 Qa2 16. Re1 Rc8 17. Qd1 Qc2 18. Qe2 Qc7 19. Rec1 Qd8 20. Rxc8 Qxc8
21. Rc1 Qd8 22. Bf4 a6 23. Ba4 b5 24. Bb3 Nc6 25. Bxf7+ Kh8 26. d5 Nd4 27. Nxd4
Bxd4 28. Rc7 Bc8 29. Qe3 Bg7 30. Qc5 Bd7 31. e5 b4 32. e6 Bb5 33. d6 b3 34. Be5
exd6 35. Bxg7+ Kxg7 36. Qc3+ Kh6 37. e7 1-0

[Event "3MCR_4D_1L_4S"]
[Site "?"]
[Date "1999.??.??"]
[Round "4"]
[White "Krouzel, Jaroslav"]
[Black "Pletanek, Danous"]
[Result "1/2-1/2"]
[WhiteElo "2405"]
[BlackElo "2260"]
[PlyCount "51"]
[EventDate "1999.??.??"]
[EventType "corr"]

1. d4 Nf6 2. c4 c6 3. Nf3 d5 4. Nc3 dxc4 5. a4 Bf5 6. e3 e6 7. Bxc4 Bb4 8. O-O
O-O 9. Qe2 Nbd7 10. e4 Bg6 11. Bd3 Bh5 12. Bf4 Qe7 13. e5 Nd5 14. Nxd5 cxd5 15.
h3 Rac8 16. Qe3 Nb8 17. Ng5 Bg6 18. Rac1 Nc6 19. h4 h6 20. Nf3 Bxd3 21. Qxd3
Rc7 22. Rc2 Rfc8 23. Rfc1 Qd8 24. g3 Be7 25. Rc3 a6 26. Bd2 1/2-1/2

[Event "3MCR_4D_1L_4S"]
[Site "?"]
[Date "1999.??.??"]
[Round "4"]
[White "Pletanek, Danous"]
[Black "Kohout, Vratislav"]
[Result "1-0"]
[WhiteElo "2260"]
[BlackElo "2110"]
[PlyCount "47"]
[EventDate "1999.??.??"]
[EventType "corr"]

1. e4 e6 2. d4 d5 3. Nc3 Bb4 4. e5 c5 5. a3 Ba5 6. b4 cxd4 7. Qg4 Ne7 8. bxa5
dxc3 9. Qxg7 Rg8 10. Qxh7 Nbc6 11. Nf3 Qc7 12. Bf4 Bd7 13. a6 O-O-O 14. axb7+
Kb8 15. Qd3 Rg4 16. g3 Ng6 17. Qxc3 Nxf4 18. h3 Nxh3 19. Rxh3 Re4+ 20. Be2 Be8
21. Rb1 Nxe5 22. Qxc7+ Kxc7 23. Nxe5 Rxe5 24. b8=Q+ 1-0

[Event "3MCR_4D_1L_4S"]
[Site "?"]
[Date "1999.??.??"]
[Round "4"]
[White "Krouzel, Jaroslav"]
[Black "Liska, Milan"]
[Result "1-0"]
[WhiteElo "2405"]
[BlackElo "2165"]
[PlyCount "59"]
[EventDate "1999.??.??"]
[EventType "corr"]

1. d4 Nf6 2. c4 e6 3. Nc3 d5 4. Nf3 Be7 5. Bf4 O-O 6. e3 c5 7. dxc5 Bxc5 8. Qc2
Nc6 9. a3 Qa5 10. O-O-O Rd8 11. Nb5 b6 12. Nd2 e5 13. Nb3 Qa4 14. Nc3 Bf5 15.
Nxa4 Bxc2 16. Kxc2 exf4 17. Naxc5 bxc5 18. exf4 Rac8 19. g3 dxc4 20. Bxc4 Nd4+
21. Nxd4 cxd4 22. Kd3 Kf8 23. Rc1 a5 24. b3 Rd6 25. Rhe1 Ng4 26. Re2 Re8 27. h3
Rxe2 28. Kxe2 Nf6 29. Kd3 h5 30. Bb5 1-0

[Event "3MCR_4D_1L_4S"]
[Site "?"]
[Date "1999.??.??"]
[Round "4"]
[White "Jerabek, Zdenek"]
[Black "Kosek, Lubomir"]
[Result "0-1"]
[WhiteElo "2235"]
[BlackElo "2045"]
[PlyCount "77"]
[EventDate "1999.??.??"]
[EventType "corr"]

1. e4 c6 2. d4 d5 3. exd5 cxd5 4. c4 Nf6 5. Nc3 Nc6 6. Nf3 Bg4 7. cxd5 Nxd5 8.
Qb3 Bxf3 9. gxf3 Nb6 10. Be3 e6 11. Rg1 Rb8 12. O-O-O a6 13. d5 Nxd5 14. Nxd5
exd5 15. Rxd5 Qc7 16. Qc2 g6 17. Bh3 f5 18. Re1 Qf7 19. Bg5+ Be7 20. Qb3 Rc8
21. Kb1 O-O 22. Rxe7 Nxe7 23. Bxe7 Rfe8 24. Rd7 b5 25. Qxf7+ Kxf7 26. Bb4+ Kg8
27. f4 Red8 28. Rxd8+ Rxd8 29. Kc2 Kf7 30. Bg2 Ke6 31. Bc5 Rd7 32. b4 h6 33. h4
Kf6 34. Kc3 Ke6 35. Bc6 Rc7 36. Be8 Kf6 37. Kb3 Kg7 38. a4 bxa4+ 39. Kxa4 0-1

[Event "3MCR_4D_1L_4S"]
[Site "?"]
[Date "1999.??.??"]
[Round "4"]
[White "Krouzel, Jaroslav"]
[Black "Kamler, Zdenek"]
[Result "1-0"]
[WhiteElo "2405"]
[BlackElo "2050"]
[PlyCount "63"]
[EventDate "1999.??.??"]
[EventType "corr"]

1. d4 Nf6 2. c4 c5 3. d5 e6 4. Nc3 exd5 5. cxd5 d6 6. e4 g6 7. f4 Bg7 8. Bb5+
Nfd7 9. a4 O-O 10. Nf3 Na6 11. O-O Nb4 12. Re1 a6 13. Bf1 Re8 14. h3 Rb8 15.
Be3 b6 16. Bf2 Bb7 17. Bg3 Qc7 18. Bc4 Ba8 19. Qb3 Bd4+ 20. Nxd4 cxd4 21. Qxb4
dxc3 22. bxc3 a5 23. Qb3 Rbc8 24. Bb5 Nc5 25. Qc2 Rxe4 26. Rxe4 Nxe4 27. Qxe4
Qxc3 28. Qe1 Qd4+ 29. Bf2 Qxd5 30. Bf1 Rc2 31. Rd1 Qc6 32. Qe7 1-0

[Event "3MCR_4D_1L_4S"]
[Site "?"]
[Date "1999.??.??"]
[Round "4"]
[White "Kamler, Zdenek"]
[Black "Jerabek, Zdenek"]
[Result "0-1"]
[WhiteElo "2050"]
[BlackElo "2235"]
[PlyCount "60"]
[EventDate "1999.??.??"]
[EventType "corr"]

1. d4 Nf6 2. c4 e6 3. Nf3 c5 4. d5 exd5 5. cxd5 d6 6. Nc3 g6 7. g3 Bg7 8. Bg2
O-O 9. O-O a6 10. a4 Nbd7 11. Nd2 Re8 12. h3 Rb8 13. Nc4 Ne5 14. Na3 Nh5 15. e4
Rf8 16. Kh2 f5 17. f4 Bd7 18. fxe5 Nxg3 19. Kxg3 Bxe5+ 20. Kf2 Qh4+ 21. Ke2 b5
22. axb5 axb5 23. Qe1 Bg3 24. Qd2 b4 25. Nc4 bxc3 26. Qxc3 fxe4 27. Ra7 Rxf1
28. Bxf1 Rf8 29. Be3 Qh5+ 30. Kd2 Rxf1 0-1

[Event "3MCR_4D_1L_4S"]
[Site "?"]
[Date "1999.??.??"]
[Round "4"]
[White "Novotny, Josef"]
[Black "Jerabek, Zdenek"]
[Result "1-0"]
[WhiteElo "2135"]
[BlackElo "2235"]
[PlyCount "83"]
[EventDate "1999.??.??"]
[EventType "corr"]

1. d4 Nf6 2. c4 e6 3. Nc3 c5 4. d5 exd5 5. cxd5 d6 6. e4 g6 7. f4 Bg7 8. Bb5+
Nfd7 9. a4 O-O 10. Nf3 Na6 11. O-O Nb4 12. Re1 a6 13. Bf1 Re8 14. h3 Rb8 15.
Be3 Nf6 16. Bf2 Nh5 17. g3 b6 18. Qd2 Bb7 19. Rac1 Qd7 20. Rcd1 Rbd8 21. g4 Nf6
22. Bg2 Rc8 23. Nh2 Qe7 24. e5 Nd7 25. Bg3 Qf8 26. e6 Nf6 27. f5 gxf5 28. gxf5
Kh8 29. Bh4 Rc7 30. Qf2 fxe6 31. dxe6 d5 32. Bg3 Rcc8 33. Ng4 Qe7 34. Nxf6 Bxf6
35. Bxd5 Rcd8 36. Bxb7 Qxb7 37. Rxd8 Rxd8 38. Qe2 Qg7 39. Kh2 Rg8 40. Rg1 Nc6
41. Ne4 Bh4 42. Kh1 1-0

[Event "3MCR_4D_1L_4S"]
[Site "?"]
[Date "1999.??.??"]
[Round "4"]
[White "Pletanek, Danous"]
[Black "Blatsky, Libor"]
[Result "1/2-1/2"]
[WhiteElo "2260"]
[BlackElo "2165"]
[PlyCount "55"]
[EventDate "1999.??.??"]
[EventType "corr"]

1. e4 e5 2. Nf3 Nf6 3. Nxe5 d6 4. Nf3 Nxe4 5. d4 d5 6. Bd3 Be7 7. O-O Nc6 8.
Re1 Bg4 9. c3 f5 10. Qb3 O-O 11. Nbd2 Na5 12. Qa4 Nc6 13. Bb5 Nxd2 14. Nxd2 Qd6
15. h3 Bh5 16. Nb3 Bh4 17. Nc5 Nd8 18. Bd3 c6 19. Qc2 b6 20. Nb3 a5 21. Nd2 Ne6
22. Nf1 Rae8 23. Bd2 Bg6 24. g3 Bd8 25. f4 Bc7 26. Be3 c5 27. dxc5 bxc5 28.
Rad1 1/2-1/2

[Event "3MCR_4D_1L_4S"]
[Site "?"]
[Date "1999.??.??"]
[Round "4"]
[White "Hladik, Josef"]
[Black "Kamler, Zdenek"]
[Result "1-0"]
[WhiteElo "2160"]
[BlackElo "2050"]
[PlyCount "53"]
[EventDate "1999.??.??"]
[EventType "corr"]

1. e4 c5 2. Nf3 Nc6 3. Bb5 g6 4. O-O Bg7 5. c3 Nf6 6. Re1 a6 7. Bxc6 dxc6 8. h3
O-O 9. d4 cxd4 10. cxd4 c5 11. d5 e6 12. Nc3 exd5 13. exd5 Qd6 14. Nd2 b5 15.
Nde4 Nxe4 16. Nxe4 Qc7 17. Bg5 f6 18. Be3 c4 19. Qd2 Rd8 20. Rad1 Bb7 21. d6
Qc6 22. f3 a5 23. Bf2 b4 24. Nc5 f5 25. Re7 Bf8 26. Qe2 Bc8 27. Qxc4+ 1-0

[Event "3MCR_4D_1L_4S"]
[Site "?"]
[Date "1999.??.??"]
[Round "4"]
[White "Kohout, Vratislav"]
[Black "Blatsky, Libor"]
[Result "1/2-1/2"]
[WhiteElo "2110"]
[BlackElo "2165"]
[PlyCount "62"]
[EventDate "1999.??.??"]
[EventType "corr"]

1. Nf3 Nf6 2. d4 d5 3. c4 e6 4. g3 Be7 5. Bg2 O-O 6. O-O dxc4 7. Qc2 a6 8. a4
Bd7 9. Qxc4 Bc6 10. Qc2 Be4 11. Qd1 c5 12. Nbd2 Bd5 13. dxc5 Bxc5 14. Qc2 Qc7
15. Qb1 Qb6 16. a5 Qb5 17. e4 Bc6 18. e5 Ng4 19. Ne4 Ba7 20. Bf4 Bxe4 21. Qxe4
Nxf2 22. Rxf2 Bxf2+ 23. Kxf2 Qxb2+ 24. Bd2 Qxa1 25. Qxb7 Nd7 26. Qxd7 Rfd8 27.
Qe7 Rab8 28. g4 Qa2 29. Qg5 h6 30. Qf4 g5 31. Qe3 Rb3 1/2-1/2

[Event "3MCR_4D_1L_4S"]
[Site "?"]
[Date "1999.??.??"]
[Round "4"]
[White "Mares, Vaclav"]
[Black "Jerabek, Zdenek"]
[Result "0-1"]
[WhiteElo "2135"]
[BlackElo "2235"]
[PlyCount "56"]
[EventDate "1999.??.??"]
[EventType "corr"]

1. e4 c5 2. Nf3 d6 3. c3 Nf6 4. Bd3 g6 5. Bc2 Bg7 6. d4 cxd4 7. cxd4 O-O 8. Nc3
Bg4 9. O-O Nc6 10. Be3 Nh5 11. Rc1 Bxf3 12. gxf3 e5 13. dxe5 Bxe5 14. Ne2 Qf6
15. Ng3 Nf4 16. Ba4 Nd4 17. Bxd4 Bxd4 18. Rc7 Bxb2 19. Rxb7 Be5 20. Kh1 Rac8
21. Rxa7 Rc3 22. Rb7 Rd3 23. Qc2 Rxf3 24. Bb3 h5 25. Rg1 Nd3 26. Qe2 Rxf2 27.
Qxd3 h4 28. Rg2 hxg3 0-1

[Event "3MCR_4D_1L_4S"]
[Site "?"]
[Date "1999.??.??"]
[Round "4"]
[White "Liska, Milan"]
[Black "Kamler, Zdenek"]
[Result "1-0"]
[WhiteElo "2165"]
[BlackElo "2050"]
[PlyCount "59"]
[EventDate "1999.??.??"]
[EventType "corr"]

1. e4 c5 2. Nf3 Nc6 3. d4 cxd4 4. Nxd4 Nf6 5. Nc3 e5 6. Ndb5 d6 7. Bg5 a6 8.
Na3 b5 9. Nd5 Be7 10. Bxf6 Bxf6 11. c3 O-O 12. Nc2 Rb8 13. Be2 Bg5 14. O-O a5
15. Qd3 Ne7 16. Rfd1 Be6 17. Nxe7+ Bxe7 18. Ne3 Qd7 19. Nd5 Bh4 20. Ne3 Be7 21.
h3 g6 22. Nd5 Bxd5 23. Qxd5 Qb7 24. b4 axb4 25. cxb4 Rfc8 26. Qxb7 Rxb7 27. a4
Rc2 28. Bxb5 Bg5 29. Bd3 Bd2 30. Bxc2 1-0

[Event "3MCR_4D_1L_4S"]
[Site "?"]
[Date "1999.??.??"]
[Round "4"]
[White "Pletanek, Danous"]
[Black "Kunovjanek, Milan"]
[Result "1/2-1/2"]
[WhiteElo "2260"]
[BlackElo "2025"]
[PlyCount "66"]
[EventDate "1999.??.??"]
[EventType "corr"]

1. e4 e5 2. Nf3 Nf6 3. Nxe5 d6 4. Nf3 Nxe4 5. d4 d5 6. Bd3 Nc6 7. O-O Bg4 8. c4
Be7 9. Re1 Nf6 10. cxd5 Bxf3 11. Qxf3 Qxd5 12. Qh3 Nxd4 13. Nc3 Qd7 14. Qxd7+
Kxd7 15. Be3 Ne6 16. Rad1 Bd6 17. Bf5 Ke7 18. Nb5 Rhd8 19. Nxd6 cxd6 20. Rd2
Kf8 21. f3 g6 22. Bh6+ Ng7 23. Bh3 Nfe8 24. Rde2 Nf6 25. Bg5 Nge8 26. Re7 Rab8
27. g3 Ng8 28. R7e2 Nef6 29. Rd2 b6 30. Bf4 Ne8 31. Red1 Ke7 32. Re1+ Kf6 33.
Red1 Ke7 1/2-1/2

[Event "3MCR_4D_1L_4S"]
[Site "?"]
[Date "1999.??.??"]
[Round "4"]
[White "Mares, Vaclav"]
[Black "Pletanek, Danous"]
[Result "1/2-1/2"]
[WhiteElo "2135"]
[BlackElo "2260"]
[PlyCount "50"]
[EventDate "1999.??.??"]
[EventType "corr"]

1. e4 c5 2. Nf3 d6 3. c3 Nf6 4. Bd3 Nc6 5. Bc2 Bg4 6. O-O e6 7. h3 Bh5 8. d3
Be7 9. Re1 O-O 10. g4 Bg6 11. Nh4 Ne8 12. Nxg6 fxg6 13. Bb3 Nc7 14. f4 Kh8 15.
Qe2 e5 16. Rf1 exf4 17. Rxf4 Qd7 18. Be3 d5 19. Nd2 d4 20. Rxf8+ Rxf8 21. Bf2
dxc3 22. bxc3 Rd8 23. Rf1 g5 24. Be3 h6 25. Bc2 b6 1/2-1/2

[Event "3MCR_4D_1L_4S"]
[Site "?"]
[Date "1999.??.??"]
[Round "4"]
[White "Sykora, Josef"]
[Black "Gdovin, Jan"]
[Result "1-0"]
[WhiteElo "2335"]
[BlackElo "2130"]
[PlyCount "69"]
[EventDate "1999.??.??"]
[EventType "corr"]

1. d4 d5 2. Nf3 Nf6 3. c4 dxc4 4. e3 c5 5. Bxc4 e6 6. O-O a6 7. Bd3 Nbd7 8. Re1
Be7 9. e4 cxd4 10. e5 Nd5 11. Bc4 Nc5 12. Nxd4 O-O 13. b3 Nb6 14. Bf1 Qd7 15.
Bb2 Nd5 16. Nc3 Nxc3 17. Bxc3 b5 18. Qg4 Bb7 19. Rad1 Qc7 20. Bd2 Rfd8 21. Bh6
Bf8 22. Bg5 Re8 23. Nf3 Nd7 24. Bf4 Rac8 25. Bd3 h6 26. Nd4 Kh8 27. Rc1 Qb6 28.
Rxc8 Bxc8 29. Nf3 Nc5 30. Bb1 Rd8 31. Ng5 Qc7 32. Be3 Bb7 33. Rc1 a5 34. h3 b4
35. Bxc5 1-0

[Event "3MCR_4D_1L_4S"]
[Site "?"]
[Date "1999.??.??"]
[Round "4"]
[White "Novotny, Josef"]
[Black "Blatsky, Libor"]
[Result "1/2-1/2"]
[WhiteElo "2135"]
[BlackElo "2165"]
[PlyCount "78"]
[EventDate "1999.??.??"]
[EventType "corr"]

1. d4 d5 2. c4 e6 3. Nc3 Nf6 4. cxd5 exd5 5. Bg5 Be7 6. e3 O-O 7. Bd3 Re8 8.
Nge2 Nbd7 9. O-O c6 10. Qc2 Nf8 11. f3 Ng6 12. Nf4 Nxf4 13. Bxf4 Bd6 14. Bxd6
Qxd6 15. Rfe1 Re7 16. Rac1 Bd7 17. Qf2 Rae8 18. a3 Nh5 19. Bc2 Qh6 20. e4 Nf4
21. Kh1 Re6 22. Ne2 Nxe2 23. Qxe2 dxe4 24. fxe4 Qh4 25. g3 Qg5 26. Rf1 Rf6 27.
Rce1 Be6 28. Rf2 Bg4 29. Qd2 Qxd2 30. Rxd2 Rd6 31. Re3 Be6 32. Rd1 Red8 33.
Red3 Bg4 34. R1d2 Be6 35. b3 f6 36. Kg2 R6d7 37. Kf3 f5 38. e5 g5 39. Ke3 Kg7
1/2-1/2

[Event "3MCR_4D_1L_4S"]
[Site "?"]
[Date "1999.??.??"]
[Round "4"]
[White "Liska, Milan"]
[Black "Novotny, Josef"]
[Result "1-0"]
[WhiteElo "2165"]
[BlackElo "2135"]
[PlyCount "69"]
[EventDate "1999.??.??"]
[EventType "corr"]

1. e4 c5 2. Nf3 e6 3. d4 cxd4 4. Nxd4 a6 5. c4 Nf6 6. Nc3 Bb4 7. Bd3 Nc6 8. Nc2
Bxc3+ 9. bxc3 d5 10. cxd5 exd5 11. e5 Nxe5 12. Ba3 Qc7 13. O-O Be6 14. Rb1 Qxc3
15. Rb3 Qc7 16. Nd4 Nc4 17. Rc3 Ng4 18. g3 Nge5 19. Bxc4 Nxc4 20. Re1 O-O-O 21.
Nxe6 fxe6 22. Rxe6 Rd7 23. Qd4 Kb8 24. Bc1 Qd8 25. Bf4+ Ka8 26. a4 Rf8 27. h4
h6 28. h5 Re8 29. Rce3 Rxe6 30. Rxe6 Qf8 31. Kg2 Qf7 32. Rg6 Qe7 33. g4 Qf7 34.
Bg3 Re7 35. f4 1-0